000
00284nam a22001337a 4500
003
SGT
082
_a
615.53
_b
CH16S
100
_a
SHARMA, PRIYAVIRUT
245
_a
CHIKITSHA KALIKA
260
_a
VARANSI
_b
CHAUKHAMBHA PUB
_c
2016
300
_a
88
650
_a
AYURVEDA
942
_2
ddc
_c
BK
999
_c
11481
_d
11481